|
|
|
|
| LEADER |
00000ny a22000003n 4500 |
| 005 |
2011061404104.0 |
| 008 |
A10218s2000 sp || 001|0 spa d |
| 020 |
|
|
|a 9788481556322
|
| 035 |
|
|
|a 2750
|
| 040 |
|
|
|a BUS
|d vLex
|
| 080 |
|
|
|a 347.78.01 460
|
| 090 |
|
|
|c 689
|d 689
|
| 100 |
1 |
|
|a Serrano Gm̤ez, Eduardo
|
| 245 |
1 |
4 |
|a Los derechos de remuneracin̤ de la propiedad intelectual
|h [Recurso electrn̤ico]
|c Eduardo Serrano Gm̤ez ; prl̤ogo de Ramn̤ Durǹ Rivacoba
|
| 256 |
|
|
|a Servicio en ln̕ea
|
| 260 |
|
|
|a Madrid :
|b Dykinson,
|c 2000
|
| 300 |
|
|
|a 294 p. ; 24 cm
|
| 500 |
|
|
|a Publicado originalmente como tesis. -- Indice
|
| 506 |
1 |
|
|a Contenido solo disponible en los productos indicados
|d vLex Global
|d vLex Global (Academic Edition, excluding Law Schools)
|d vLex Global (U.S. Academic Edition, Law Schools)
|d vLex Global (U.S. Academic Edition, excluding Law Schools)
|d vLex Global (Academic Edition, Law Schools)
|
| 650 |
0 |
7 |
|a Propiedad intelectual
|2 Tesauro vLex
|
| 650 |
0 |
7 |
|a Garanta̕ del cobro de la remuneracin̤
|2 Tesauro vLex
|
| 700 |
1 |
|
|a Durǹ Rivacoba, Ramn̤
|e prologuista
|
| 740 |
0 |
|
|a vLex Libros (Servicios en ln̕ea)
|
| 856 |
4 |
0 |
|u http://vlex.com/source/2750
|z Acceso restringido
|
| 942 |
|
|
|c BOOK
|
| 999 |
0 |
|
|a Intellectual property
|b Madrid
|